书目信息 |
| 题名: |
中国撒艺
|
|
| 作者: | 张超 主编 | |
| 分册: | ||
| 出版信息: | 北京 中国林业出版社 2020.10 |
|
| 页数: | 112页 | |
| 开本: | 24cm | |
| 丛书名: | ||
| 单 册: | ||
| 中图分类: | J525.12 | |
| 科图分类: | ||
| 主题词: | 插花--装饰美术--中国 | |
| 电子资源: | ||
| ISBN: | 978-7-5219-0764-3 | |
| 000 | 01155nam0 2200265 45 | |
| 001 | 490105 | |
| 005 | 20140817181538.0 | |
| 010 | @a978-7-5219-0764-3@dCNY58.00 | |
| 100 | @a20201127d2020 em y0chiy0110 ea | |
| 101 | 0 | @achi |
| 102 | @aCN@b110000 | |
| 105 | @aa z 000yy | |
| 106 | @ar | |
| 200 | 1 | @a中国撒艺@Azhong guo sa yi@e传统插花技艺必备手册@f张超主编 |
| 210 | @a北京@c中国林业出版社@d2020.10 | |
| 215 | @a112页@c彩图,彩照@d24cm | |
| 300 | @a花园时光 花园时光系列书店 | |
| 314 | @a张超,传统插花及撒技法非遗代表性传承人,中国插花花艺大师,东方撒艺花卉产业学院理事长,中国传统插花协会会长,中国社会艺术协会传统艺术部部长,中国插花艺术博物馆特聘专家,辽宁农业职业技术学院特聘技能大师,南宁职业技术学院特聘技能大师,第五届中国杯插花大赛评委、监委,2019年外交部主办“中国民俗文化东盟行”中国插花导师 | |
| 330 | @a本书探索了从明清之际李渔先生开始的、传统插花撒技法的各种可能性,收录了作者几十年来刻苦探索传统插花及撒技法的核心成果。 | |
| 517 | 1 | @a传统插花技艺必备手册 |
| 606 | 0 | @a插花@x装饰美术@y中国 |
| 690 | @aJ525.12@v5 | |
| 701 | 0 | @a张超@Azhang chao@4主编 |
| 801 | @aCN@b江苏凤凰@c20211018 | |
| 905 | @b1355650-3@dJ525.12@e647@f4 | |
| 中国撒艺:传统插花技艺必备手册/张超主编.-北京:中国林业出版社,2020.10 |
| 112页:彩图,彩照;24cm |
| 花园时光 花园时光系列书店 |
| ISBN 978-7-5219-0764-3:CNY58.00 |
| 本书探索了从明清之际李渔先生开始的、传统插花撒技法的各种可能性,收录了作者几十年来刻苦探索传统插花及撒技法的核心成果。 |
| ● |
| 相关链接 |
|
|
|
|
正题名:中国撒艺
索取号:J525.12/647
 
预约/预借
| 序号 | 登录号 | 条形码 | 馆藏地/架位号 | 状态 | 备注 |
| 1 | 1355650 | 213556506 | 第一样本阅览室/ [索取号:J525.12/647] | 在馆 | |
| 2 | 1355651 | 213556515 | 第一借阅区/ [索取号:J525.12/647] | 在馆 | |
| 3 | 1355652 | 213556524 | 第一借阅区/ [索取号:J525.12/647] | 在馆 | |
| 4 | 1355653 | 213556533 | 第一借阅区/ [索取号:J525.12/647] | 在馆 |